000 00560nam a2200193Ia 4500
008 090201s9999 xx 000 0 und d
010 _aKPL-68182
020 _a81-7434-308-3
040 _bमराठी
041 _aमराठी
082 _a46676
_b68182
100 _aमेघना पेठे
245 _aनातिचरामि
_cमेघना पेठे
250 _a1
260 _c2006
_bराजहंस प्रकाशन
300 _a315
_bमोठा
600 _aनातिचरामि
942 _cBOOK
999 _c243495
_d243495